Los derechos fundamentales de los reclusos : España y Argentina /
Guardado en:
| Autor Principal: | |
|---|---|
| Otros Autores: | , |
| Formato: | Libro |
| Idioma: | Spanish |
| Publicado: |
Buenos Aires :
Del Puerto,
1999.
|
| Edición: | 1a. ed. |
| Materias: | |
| Etiquetas: |
Agregar Etiqueta
Sin Etiquetas, Sea el primero en etiquetar este registro!
|
| LEADER | 00637nam a22001815a 4500 | ||
|---|---|---|---|
| 001 | DER.der000308 | ||
| 008 | 180615s1999####ag#||||||||||||||#||spa|| | ||
| 005 | 20250623130258.0 | ||
| 245 | 1 | 0 | |a Los derechos fundamentales de los reclusos : |b España y Argentina / |c Iñaki Rivera Beiras y Marcos Gabriel Salt, con la introducción de Massimo Pavarini |
| 250 | |a 1a. ed. | ||
| 260 | |a Buenos Aires : |b Del Puerto, |c 1999. | ||
| 300 | |a 299 p. | ||
| 020 | |a 9879120310 | ||
| 100 | 1 | |a Rivera Beiras, Iñaki | |
| 700 | 1 | |a Salt, Marcos Gabriel | |
| 700 | 1 | |a Pavarini, Massimo. | |
| 650 | 7 | |a DERECHO PROCESAL PENAL | |
| 859 | |a DERECHO |b BIB. DERECHO |h 345.05 |i RIV |p 001111 | ||
